Welcome to WEB OPAC of MRSPTU Central Library

Data processing system: analysis and design (Record no. 1354)

MARC details
000 -LEADER
fixed length control field 00390nam a2200145Ia 4500
008 - FIXED-LENGTH DATA ELEMENTS--GENERAL INFORMATION
fixed length control field 230711s9999||||xx |||||||||||||| ||und||
041 ## - LANGUAGE CODE
Language code of text/sound track or separate title ENG
082 ## - DEWEY DECIMAL CLASSIFICATION NUMBER
Classification number 4
Item number CO-D
100 ## - MAIN ENTRY--PERSONAL NAME
Personal name Condon,Robert J
245 #0 - TITLE STATEMENT
Title Data processing system: analysis and design
250 ## - EDITION STATEMENT
Edition statement 4th
260 ## - PUBLICATION, DISTRIBUTION, ETC.
Date of publication, distribution, etc. 1987
Place of publication, distribution, etc. New Delhi
Name of publisher, distributor, etc. Prentice-Hall of India Private Limited
650 ## - SUBJECT ADDED ENTRY--TOPICAL TERM
Topical term or geographic name entry element Computer Engineering
942 ## - ADDED ENTRY ELEMENTS (KOHA)
Koha item type Book
Holdings
Withdrawn status Lost status Damaged status Not for loan Collection Home library Current library Date acquired Total checkouts Full call number Barcode Date last seen Price effective from Koha item type
          MRSPTU Central Library MRSPTU Central Library     4 CO-D 6667 08/17/2023 08/17/2023 Book
          MRSPTU Central Library MRSPTU Central Library     4 CO-D 6668 08/17/2023 08/17/2023 Book
          MRSPTU Central Library MRSPTU Central Library     4 CO-D 6669 08/17/2023 08/17/2023 Book
          MRSPTU Central Library MRSPTU Central Library     4 CO-D 6670 08/17/2023 08/17/2023 Book
          MRSPTU Central Library MRSPTU Central Library     4 CO-D 6671 08/17/2023 08/17/2023 Book

Website Designed and Developed by MRSPTU Central Library Team

E-mail Id: librarian@mrsptu.ac.in